Burn v North Yorkshire CC (Record no. 33978)

MARC details
000 -LEADER
fixed length control field 01758cab a2200265 4500
001 - CONTROL NUMBER
control field ABS45868
008 - FIXED-LENGTH DATA ELEMENTS--GENERAL INFORMATION
fixed length control field 090401t1992 xxu||||| |||| 00| 0 eng d
035 ## - SYSTEM CONTROL NUMBER
System control number (Sirsi) u55599
041 ## - LANGUAGE CODE
Language code of text/sound track or separate title eng
245 ## - TITLE STATEMENT
Title Burn v North Yorkshire CC
260 ## - PUBLICATION, DISTRIBUTION, ETC.
Date of publication, distribution, etc. 1992
350 ## - PRICE (NR) (BK AM CF MU VM SE) [OBSOLETE]
Price 0
490 ## - SERIES STATEMENT
Series statement Property and Compensation Reports
Volume/sequential designation (1992) 63 PCR 81-87(7)
520 ## - SUMMARY, ETC.
Summary, etc. LT 5 September 1991. Two district councils published plans which, although not identical, showed the line of a proposed relief road passing through B`s garden. His property comprised a shop with outbuildings and a garden. B made attempts to sell his property. One offer was withdrawn because of the road. B therefore served a blight notice on the county council (N) requiring it to buy the property. N served a counternotice in July 1990 on the grounds that they only required part of the property. N pointed out that if the material date for establishing N`s objection was the date of the counternotice they would be faced with buying part or all of B`s land. None was now required as the road had been abandoned after re-appraisal by consultants, the results of which were awaited when the notice was served. The recommendation of the consultant was accepted in December 1990 and this should be the material date. It was held that LT`s jurisdiction was limited to deciding whether or not the obje
650 ## - SUBJECT ADDED ENTRY--TOPICAL TERM
Topical term or geographic name entry element BLIGHT NOTICES
650 ## - SUBJECT ADDED ENTRY--TOPICAL TERM
Topical term or geographic name entry element Compulsory purchase
9 (RLIN) 6228
650 ## - SUBJECT ADDED ENTRY--TOPICAL TERM
Topical term or geographic name entry element COUNTER NOTICE
650 ## - SUBJECT ADDED ENTRY--TOPICAL TERM
Topical term or geographic name entry element LT DECISIONS
650 ## - SUBJECT ADDED ENTRY--TOPICAL TERM
Topical term or geographic name entry element MATERIAL DATE
650 ## - SUBJECT ADDED ENTRY--TOPICAL TERM
Topical term or geographic name entry element RELIEF ROAD
650 ## - SUBJECT ADDED ENTRY--TOPICAL TERM
Topical term or geographic name entry element TOWN AND COUNTRY PLANNING ACT 1971 S194(1)
690 ## - LOCAL SUBJECT ADDED ENTRY--TOPICAL TERM (OCLC, RLIN)
Topical term or geographic name as entry element ENVIRONMENTAL AND LAND CONSULTANCY-PLANNING AND DEVELOPMENT-COMPULSORY PURCHASE AND COMPENSATION
942 ## - ADDED ENTRY ELEMENTS (KOHA)
Suppress in OPAC 0
948 ## - LOCAL PROCESSING INFORMATION (OCLC); SERIES PART DESIGNATOR (RLIN)
c (OCLC) 04/03/1997
Holdings
Withdrawn status Lost status Source of classification or shelving scheme Damaged status Not for loan Home library Current library Shelving location Date acquired Total Checkouts Full call number Barcode Date last seen Copy number Price effective from Koha item type
    Dewey Decimal Classification     London London Journal article 14/09/1999   ABS45868 55599-1001 06/08/2019 1 06/08/2019 Law report